Environmentálna Kuznetsova krivka a jej aplikácia na príklade Moldavskej republiky
Ekologické aspekty tranzitívneho hospodárstva na prípade Moldavskej republiky. Objektívne tendencie vo využívaní vodných zdrojov a emisií do ovzdušia, ktoré sú špecifické pre tento región a majú vplyv na ekologickú situáciu. Prepojenie priemyselnej výroby a poľnohospodárstva s využívaním vodných zdr...
Gespeichert in:
| 1. Verfasser: | |
|---|---|
| Weitere Verfasser: | , |
| Format: | Buchkapitel |
| Sprache: | Slowakisch |
| Schlagworte: | |
| Tags: |
Keine Tags, Fügen Sie das erste Tag hinzu!
|
MARC
| LEADER | 00000nla a2200000 4500 | ||
|---|---|---|---|
| 001 | 0241224 | ||
| 005 | 20240502073927.2 | ||
| 041 | 0 | |a slo | |
| 044 | |a SK | ||
| 245 | 1 | 0 | |a Environmentálna Kuznetsova krivka a jej aplikácia na príklade Moldavskej republiky |c Leonid Raneta, Mykhaylo Kunychka, Michaela Čiefová |
| 520 | |a Ekologické aspekty tranzitívneho hospodárstva na prípade Moldavskej republiky. Objektívne tendencie vo využívaní vodných zdrojov a emisií do ovzdušia, ktoré sú špecifické pre tento región a majú vplyv na ekologickú situáciu. Prepojenie priemyselnej výroby a poľnohospodárstva s využívaním vodných zdrojov a znečistením ovzdušia. | ||
| 610 | 2 | 0 | |a ekológia |
| 610 | 2 | 0 | |a environmentalistika |
| 610 | 2 | 0 | |a prostredie životné |
| 610 | 2 | 0 | |a rozvoj trvalo udržateľný |
| 610 | 2 | 0 | |a zdroje vodné |
| 610 | 2 | 0 | |a emisie |
| 610 | 2 | 0 | |a výroba priemyselná |
| 610 | 2 | 0 | |a poľnohospodárstvo |
| 610 | 2 | 0 | |a Moldavsko |
| 100 | 1 | |a Raneta, Leonid, 1982- | |
| 700 | 1 | |a Kunychka, Mykhaylo, 1990- | |
| 700 | 1 | |a Čiefová, Michaela, 1991- | |